000 00470nam a2200193Ia 4500
005 20250923150103.0
008 008 250917s9999 xx 000 0 eng d
037 _aTextual
040 _aDSWL
_beng
_cDSWL
041 _aeng
_2eng
084 _qDSWL
245 0 _aViolence and subjectivity
_cEd. by Veema Das
260 _aNew Delhi
_b OUP
_c2000
300 _a379p.
365 _aINR
_b595
925 _g595
942 _cTEXL
999 _c1459410
_d1459410